01714nam a2200325 i 4500001001000000003000900010005001700019007000300036008004100039040003000080082000700110100004100117245008200158250002200240264004400262300005400306336002700360337003300387338002800420500006300448500007300511590002600584942001400610952015300624952015300777952015300930952014101083952014701224999001701371000037918DO-SdBNP20250120110508.0ta130308s2007 dr ac 000 0 spa d aDO-SdBNPbspacBNPHUerda 2221 aSantos, Rafael,d1968-eautor94351010aTestimonio del 1j4 :bsalcedo y su participación /cRafael Jiovanny Santos. asegunda edición aSanto Domingo :bImpresos F y M,c2007. a68 páginas :bilustraciones, retratos ;c22 cm. 2rdacontentatextobtxt 2rdamediaasin mediaciónbn 2rdacarrieravolumenbnc aIncluye datos biográficos del autor en la contracubierta aIncluye referencias bibliográficas y notas al pie de las páginas aInventariado, 2024/BT 2ddccLBS1 00102ddc56708DSaBNPHUbBNPHUcCTd2013-03-08eDonado por FUNDIl0o BNPHU DS p37918-30r2020-06-25te. 3w2020-06-25yLBS1ZPréstamo en sala 00102ddc56708DSaBNPHUbBNPHUcCTd2013-03-12eDonado por FUNDIl0o BNPHU DS p37918-40r2020-06-25te. 4w2020-06-25yLBS1ZPréstamo en sala 00102ddc56708DSaBNPHUbBNPHUcCTd2013-03-12eDonado por FUNDIl0o BNPHU DS p37918-50r2020-06-25te. 5w2020-06-25yLBS1ZPréstamo en sala 00102ddc51708PDaBNPHUbBNPHUcCTd2013-03-08eDonado por FUNDIl0o BNPHU PD p37918-10r2020-06-25w2020-06-25yLBS1ZNo se presta 00102ddc51708PDaBNPHUbBNPHUcCTd2013-03-08eDonado por FUNDIl0o BNPHU PD p37918-20r2020-06-25te. 2w2020-06-25yLBS1ZNo se presta c37408d37408